Statistiques concernant Les homonymes dans la langue française - lettre F

Cliquez ici pour prendre le quiz!

Statistiques générales

  • Ce quiz a été pris 191 fois
  • Le résultat moyen est 19 sur 22

Statistiques - réponses

MotIndiceHomonyme% Correct
fatnote de musiquefa
99%
fairemétalfer
98%
faimdernierfin
97%
fraifroidfrais
97%
flacun peu d'eauflaque
96%
forcostaudfort
96%
focanimal marinphoque
96%
feuiltombe de l'arbrefeuille
95%
faussetroufosse
94%
farrepère de bateauphare
94%
flamandoiseauflamant
92%
fabricantparticipe présent de fabriquerfabriquant
90%
filqueuefile
90%
faunepour appeler (anglais)phone
87%
fermantcoagulationferment
85%
flancôtéflanc
84%
fouleau pokerfull
76%
fande pomme de terrefane
75%
forêtpour percerforet
74%
fournidans la boulangeriefournil
72%
fondexcédentfonds
40%
forexceptéfors
38%

Distribution des résultats

Percentile par nombre de réponses

% des personnes avec chaque résultat

Votre développement - résultats

Vous n’avez pas pris ce quiz